| 000 | 01149cam a2200229 4500 | ||
|---|---|---|---|
| 001 | ##L131813 | ||
| 002 | ##7486 | ||
| 008 | 051209n2003 000 0 eng u | ||
| 020 | _a0415326230 | ||
| 035 | _a(Sirsi) u131813 | ||
| 041 | 0 | _aeng | |
| 050 | 0 | 4 |
_a695.2 $2 18 _a338.4362510941 $2 21 |
| 245 | 0 | 0 | _aSpon's railways and construction price book |
| 250 | _a2nd ed. | ||
| 260 |
_aLondon _bSpon Press _c2003 |
||
| 300 |
_axxxvii, 415p. _c26cm. |
||
| 350 | _a225 | ||
| 520 | _aExtended second edition of a reference source giving details of the key drivers and components that affect the cost of railway construction projects. Aimed at companies looking to participate in the regeneration of the UK rail network, designers, engineers, surveyors, project managers and contractors. Contains: measured rates on signalling; AC and DC electrification; permanent way; telecommunications; property - new build and refurbishmen; level crossings; bridges; tunnels; general civils. Includes appendices of useful addresses and location factors. | ||
| 690 | _aBUILT ENVIRONMENT-BUILDING COSTS | ||
| 710 | 2 |
_aFrankin and Andrews Ltd. _94847 |
|
| 942 | _n0 | ||
| 999 |
_c104848 _d104848 |
||